Ч. 2; Краткий технический справочник

গ্রন্থ-পঞ্জীর বিবরন
Parent link:Краткий технический справочник: в 2 ч./ под ред. В. А. Зиновьева. Ч. 2.— , 1949-1950
ভাষা:রুশ
প্রকাশিত: 1950
বিষয়গুলি:
বিন্যাস: MixedMaterials গ্রন্থ
KOHA link:https://koha.lib.tpu.ru/cgi-bin/koha/opac-detail.pl?biblionumber=290128

MARC

LEADER 00000nam2a2200000 4500
001 290128
005 20231102000244.0
035 |a (RuTPU)RU\TPU\book\314658 
090 |a 290128 
100 |a 20150403d1950 km y0rusy50 ca 
101 0 |a rus 
102 |a RU 
105 |a a j 001zy 
200 0 |a Ч. 2 
210 |d 1950 
215 |a 770 с.  |c ил. 
320 |a Указатель: с. 761-768. 
461 1 |0 (RuTPU)RU\TPU\book\315870  |t Краткий технический справочник  |o в 2 ч.  |f под ред. В. А. Зиновьева  |v Ч. 2  |d 1949-1950 
606 1 |a Техника  |2 stltpush  |3 (RuTPU)RU\TPU\subj\60019  |9 77509 
610 1 |a теплотехника 
610 1 |a электротехника 
610 1 |a строительство 
610 1 |a строительные материалы 
610 1 |a конструкции 
610 1 |a расчет 
610 1 |a металловедение 
610 1 |a сталь 
610 1 |a чугун 
610 1 |a литейное производство 
610 1 |a сварка 
610 1 |a кузнечно-штамповочное производство 
610 1 |a листовая штамповка 
610 1 |a гибка 
610 1 |a вытяжка 
610 1 |a обработка резанием 
610 1 |a металлорежущие станки 
610 1 |a металлорежущие инструменты 
610 1 |a справочники 
675 |a 62  |v 3 
801 1 |a RU  |b 63413507  |c 20150403 
801 2 |a RU  |b 63413507  |c 20200824  |g RCR 
942 |c BK